Несломленные: о большевиках - депутатах IV Государственной Думы Г. И. Петровском, А. Е. Бадаеве, М. К. Муранове, Ф. Н. Самойлове, Н. Р. Шагове

Dettagli Bibliografici
Autore principale: Дажина И. М. Ирина Мартиновна
Lingua:russo
Pubblicazione: Москва, Политиздат, 1986
Soggetti:
Natura: MixedMaterials Libro
KOHA link:https://koha.lib.tpu.ru/cgi-bin/koha/opac-detail.pl?biblionumber=278416

MARC

LEADER 00000nam0a2200000 4500
001 278416
005 20231101235118.0
020 |a RU  |b 86-11820 
035 |a (RuTPU)RU\TPU\book\301693 
090 |a 278416 
100 |a 20141211d1986 km y0rusy5003 ca 
101 0 |a rus 
102 |a RU 
105 |a a z 001zd 
200 1 |a Несломленные: о большевиках - депутатах IV Государственной Думы Г. И. Петровском, А. Е. Бадаеве, М. К. Муранове, Ф. Н. Самойлове, Н. Р. Шагове  |f И. М. Дажина 
210 |a Москва  |c Политиздат  |d 1986 
215 |a 174 с.  |c ил. 
320 |a Библиогр. в примеч.: с. 165-173 
600 1 |a Петровский  |b Г. И.  |c российский политический деятель  |f 1878-1958  |g Григорий Иванович  |2 stltpush  |3 (RuTPU)RU\TPU\pers\12010  |9 3099 
606 1 |a Персоналии деятелей КПСС  |x История  |2 stltpush  |3 (RuTPU)RU\TPU\subj\48642  |9 67493 
610 1 |a большевики 
610 1 |a судебные процессы 
610 1 |a тюрьмы 
610 1 |a Государственная Дума 
610 1 |a каторга 
610 1 |a история 
686 |a Ф61(2)8  |v LBC/SL-A  |2 rubbk 
700 1 |a Дажина  |b И. М.  |g Ирина Мартиновна  |4 070 
801 0 |a RU  |b RuMRKP  |c 19950704  |g psbo 
801 1 |a RU  |b 63413507  |c 20141211 
801 2 |a RU  |b 63413507  |c 20180111  |g RCR 
942 |c BK